|
|
|
|
| LEADER |
00000naa a2200000uu 4500 |
| 001 |
vtls010957036 |
| 003 |
SK-MaSNL |
| 005 |
20260302130144.0 |
| 008 |
210909|1996 xo |||||||||||||||||slo| |
| 015 |
|
|
|a SNBRA
|
| 035 |
|
|
|a (urnnbn)urn:nbn:sk:snk:ar-a0bomw
|
| 035 |
|
|
|a (uuid)8c761b12-ba10-4a5a-9ded-1ce25ad62e13
|
| 035 |
|
|
|a urn:nbn:sk:snk-aaugds
|
| 040 |
|
|
|a SNKBUCL
|b slo
|c SNKBUCL
|e AACR2
|
| 041 |
0 |
|
|a slo
|
| 044 |
|
|
|a xo
|c SK
|
| 100 |
1 |
|
|a Valcerová-Bacigálová, Anna,
|4 aut
|d 1948-
|9 102530
|
| 245 |
1 |
0 |
|a K PROBLEMATIKE VYUČOVANIA ČESKEJ LITERATÚRY (O NAJNOVŠÍCH ČESKÝCH LITERÁRNOVEDNÝCH PRÁCACH)
|c Anna Valcerová
|
| 773 |
0 |
|
|t Učiteľ a škola
|d Prešov : Metodické centrum, 1996
|g S. 16-19
|z 8080450412
|
| 958 |
|
|
|a OND
|
| 958 |
|
|
|a article11
|
| 958 |
|
|
|a chapter
|
| 999 |
|
|
|c 1297621
|d 1299551
|